000 00281nam a2200121 a 4500
008 100914s1980|||| d
245 1 0 _aDom pod morušou
100 1 _aDvořáková, Helena
260 _bPravda
_aBratislava
_c1980
020 _c15
044 _axo
_cSK
041 _aslo
999 _c10308
_d10308